[Event "20th Prague Open 2022"]
[Site "Prague"]
[Date "2022.01.11"]
[Round "6.9"]
[White "Czerw, Dawid"]
[Black "Torngren, Gustav"]
[Result "1-0"]
[WhiteElo "2396"]
[BlackElo "2228"]
[Annotator "TA"]
[PlyCount "119"]
[EventDate "2022.01.07"]
[EventType "swiss"]
[EventCountry "CZE"]
[SourceTitle "playchess.com"]
[Source "ChessBase"]
[SourceQuality "1"]

{[%evp 16,119,70,42,42,28,45,38,41,15,25,8,12,21,20,19,19,22,23,19,38,29,72,54,199,52,62,52,61,27,134,129,130,67,57,60,66,49,197,74,117,0,0,-6,45,37,29,46,71,68,44,61,63,68,72,38,93,83,537,140,125,115,84,67,68,72,104,0,0,0,104,29,14,0,8,10,52,48,51,47,675,671,666,657,29975,29976,29976,29977,29979,29980,29980,29981,29982,29983,29983,29984,29984,29985,29985,29986,29986,29987,29987,29988,29988,29987]} 1. e4 e5 2. Nf3 Nc6 3. Bb5 a6 4. Ba4 b5 5. Bb3 Na5 6. O-O d6 7. d4 Nxb3 8. axb3 f6 {The main line 8...f6 scores better than 8...exd4.} 9. c4 b4 {C70: Ruy Lopez: 3...a6 4 Ba4, Norwegian and Delayed Schliemann.} 10. d5 c5 {[#]} 11. dxc6 $146 ({Predecessor:} 11. Nh4 g6 12. f4 exf4 13. Bxf4 Nh6 14. Nd2 Nf7 15. Bg3 Bg7 16. Qc2 {½-½ (16) King,D (2515)-Gausel,E (2440) Gausdal 1990}) 11... Ne7 {White is slightly better.} 12. Ne1 Nxc6 13. Be3 Be6 14. Nd3 Be7 15. f4 O-O 16. f5 Bf7 17. Nd2 Qb8 18. Qg4 g5 (18... Kh8 $11 {deserves consideration.}) 19. fxg6 (19. Qg3 $5 {[%cal Rh2h4]}) 19... hxg6 ({Black should try} 19... Bxg6 $14 20. Nf2 a5) 20. Rf3 (20. Nf3 $18) 20... Kg7 $1 $14 21. Raf1 $1 $36 {[%mdl 2048] White has good play. White is more active.} Qc8 $1 22. Qh4 Rh8 {Prevents Qh6+.} (22... g5 $1 $11 23. Qg3 Bg6) 23. Qf2 $1 $16 {[%cal Rf3f6]} Qe6 {[#]} 24. Bg5 $1 {[%mdl 512]} fxg5 $14 25. Rxf7+ Kg8 $1 26. c5 Nd8 {[#]} ({Black should play} 26... dxc5 $1 $14 27. Nc4 (27. Nxc5 Qd6 $14) 27... Nd8) 27. Rf3 (27. Rxe7 $1 $18 {[%mdl 512] has better winning chances.} Qxe7 28. Nxb4 (28. Nc4 dxc5 29. Nb6 Rb8 $16)) 27... g4 {[#]} (27... dxc5 $142 28. Nxc5 Qd6) 28. Re3 (28. Rf8+ $1 $16 {[%mdl 512]} Bxf8 29. Qxf8+ Kh7 30. Qxd6) 28... dxc5 $11 29. Ree1 Kh7 (29... g3 $11 30. hxg3 (30. Qxg3 Bh4 $15) 30... Rh7) 30. Nc4 $14 Rf8 31. Qe3 Nc6 32. Nxc5 Bxc5 33. Qxc5 Rxf1+ 34. Rxf1 Rd8 {Prevents Nd6.} 35. Qb6 {Threatens to win with Ne3.} Rd3 (35... Rd4 $14) 36. Qxa6 {[%cal Oc4e5] aiming for Nxe5!} Nd4 $2 {[%mdl 8192]} (36... Qd7 $16 {is more resistant.}) 37. Qxe6 $2 (37. Qb7+ $18 {and White stays clearly on top.} Kh6 38. Qb8 Ne2+ 39. Kf2) 37... Nxe6 $16 38. Nxe5 Rxb3 $18 {[%mdl 4096] Endgame KRN-KRN} 39. Nc4 Rd3 40. Rf7+ Kh6 41. Rb7 (41. Ne5 $1 $16 {[%cal Re5d3]} Rd2 42. Nxg4+ (42. Rf6 Nc5 $11) 42... Kg5 43. Ne5) 41... Nc5 $11 42. Re7 Rd1+ 43. Kf2 Rd4 {[%csl LRc4,LRe4]} 44. Ne3 Nxe4+ 45. Ke2 Nf6 (45... Nc5 $11 {feels stronger.}) 46. Rb7 Re4 {Hoping for ...Nd5.} 47. Kd3 Re5 $2 {[%mdl 8192] [#]} (47... Re8 $14) 48. Rf7 $1 $18 Kg5 {[#]} 49. Rxf6 {[%mdl 512]} Rxe3+ (49... Rb5 50. Rd6) 50. Kxe3 {White mates.} Kxf6 {K3P-K3P} 51. Kd4 Kf5 52. Kc4 Ke4 53. Kxb4 {K3P-KPP} Ke3 54. Kc3 Kf2 55. b4 Kxg2 56. b5 Kxh2 57. b6 g3 58. b7 g2 59. b8=Q+ Kh3 60. Qa7 {Weighted Error Value: White=0.32/Black=0.47} 1-0

[Event "20th Prague Open 2022"]
[Site "Prague"]
[Date "2022.01.11"]
[Round "6.10"]
[White "Michalczak, Thomas"]
[Black "Urkedal, Frode Olav Olsen"]
[Result "0-1"]
[WhiteElo "2218"]
[BlackElo "2553"]
[Annotator "TA"]
[PlyCount "70"]
[EventDate "2022.01.07"]
[EventType "swiss"]
[EventCountry "CZE"]
[SourceTitle "playchess.com"]
[Source "ChessBase"]
[SourceQuality "1"]

{[%evp 12,70,45,37,30,31,22,0,0,-16,-24,0,0,0,0,0,0,0,-18,-12,-7,-56,-47,-108,-115,-143,-144,-141,-156,-133,-154,-491,-488,-472,-465,-463,-473,-470,-453,-557,-536,-504,-320,-301,-289,-294,0,-482,-505,-570,-604,-1139,-606,-579,-552,-692,-673,-2329,-2164,-1239,-1131]} 1. e4 c5 2. c3 d5 3. exd5 Qxd5 4. d4 Nf6 5. Nf3 e6 6. Na3 Qd8 7. Nc4 Be7 {now supersedes 7...Nc6. B22: Sicilian: 2 c3.} 8. Bg5 O-O 9. Bd3 cxd4 {[#] The position is equal.} 10. cxd4 $146 ({Predecessor:} 10. Nxd4 Qd5 11. Nf3 Rd8 12. Be2 Qxd1+ 13. Rxd1 Rxd1+ 14. Bxd1 h6 15. Bf4 Nd5 16. Bd6 {½-½ (79) Korpa,B (2468)-Gara,A (2358) Budapest 2016}) 10... Nc6 11. O-O Nb4 12. Bb1 b6 13. a3 Nbd5 14. Nce5 Bb7 15. Qd3 Rc8 16. Ng4 g6 $15 17. Nh6+ (17. Nge5 $15) 17... Kg7 $1 $17 ({Reject} 17... Kh8 $6 18. Bd2 $11 (18. Ne5 Qe8 $15)) 18. Ne5 Nh5 19. Nhxf7 Rxf7 {Chess con chili.} 20. Bh6+ Kg8 21. Nxg6 (21. Nxf7 $17 Kxf7 22. Qf3+ Kg8 23. Qg4) 21... Bd6 {And now ...Qf6 would win.} 22. Qh3 hxg6 23. Bxg6 Ng7 24. Bxf7+ Kxf7 25. Bxg7 Kxg7 26. Qg4+ Kf6 {Hoping for ...Qh8.} 27. Qh4+ {[#]} Kg6 $1 28. Qe4+ {[#]} Kg7 $2 (28... Kh6 $1 {...Qe7 is the strong threat.} 29. Qxe6+ Qf6) 29. Qg4+ $19 Kf8 {White must now prevent ...Rc7. Black is clearly winning.} ({Wrong is} 29... Kh8 $2 30. Rfc1 $19) 30. Qxe6 Rc7 {[%cal Bc8c7,Bc7g7,Bg7g2,Bg2f2][%mdl 32] Threatens to win with ...Nf4.} 31. Rfe1 Rg7 {Active counter play!} 32. Qh6 Nf6 33. Re6 Kf7 34. Rae1 Rxg2+ 35. Kf1 {[#]} Rxf2+ $3 {[%mdl 512] Weighted Error Value: White=0.61/Black=0.33} 0-1

[Event "20th Prague Open 2022"]
[Site "Prague"]
[Date "2022.01.11"]
[Round "6.11"]
[White "Grutter, Tim"]
[Black "Fus, Jakub"]
[Result "1-0"]
[WhiteElo "2194"]
[BlackElo "2384"]
[Annotator "TA"]
[PlyCount "96"]
[EventDate "2022.01.07"]
[EventType "swiss"]
[EventCountry "CZE"]
[SourceTitle "playchess.com"]
[Source "ChessBase"]
[SourceQuality "1"]

{[%evp 21,96,0,0,-8,-8,-15,0,-12,0,0,40,0,0,0,0,0,12,0,0,0,7,-2,47,-39,56,67,43,23,25,0,68,79,160,162,172,165,164,164,175,170,167,164,185,180,179,179,287,285,318,305,347,333,537,520,708,644,589,519,564,527,762,736,1553,1498,1617,1124,2811,2301,8762,7835,4810,4118,12744,12718,7064,6079,2354]} 1. e4 e6 2. d4 d5 3. Nd2 c5 4. exd5 Qxd5 5. Ngf3 cxd4 6. Bc4 Qd7 7. O-O Nc6 8. Nb3 Nf6 9. Nbxd4 Nxd4 10. Nxd4 a6 11. c3 Qc7 12. Be2 {C07: French Tarrasch: 3...c5, 4 Ngf3 and 4 exd5 Qxd5.} Bd6 13. h3 Bd7 {[#]} 14. Bf3 $146 {The position is equal.} ({Predecessor:} 14. Bg5 h6 15. Bxf6 gxf6 16. Bh5 Rg8 17. Qe2 e5 18. Bg4 O-O-O 19. Nf5 Bxf5 20. Bxf5+ {0-1 (42) Drozdowski,K (2437)-Lewtak,D (2265) Olsztyn 2013}) 14... O-O-O 15. Qc2 Rdg8 16. Rd1 g5 17. c4 $1 {[%cal Oc4c5]} h5 18. c5 $1 Qxc5 {...g4 is the strong threat.} 19. Qb3 Qb4 (19... Nd5 $2 20. Be3 Qa5 21. Nf5 $1 $18 {[%mdl 512]}) 20. Qc2+ Kb8 21. a3 Qb6 {[#]} (21... Qa4 $11 22. Qxa4 Bxa4) 22. Be3 (22. Nc6+ $1 $14 Bxc6 23. Rxd6) 22... Nd5 (22... Qc7 $1 $15 23. Qb3 g4) 23. Bxd5 $14 exd5 24. Nf5 Qc7 25. Qd3 Bxf5 (25... Bh2+ $11 26. Kh1 Bf4) 26. Qxf5 {White leaves nothing to chance now.} Bf4 ({Black should play} 26... f6) 27. Rac1 $1 $36 {[%mdl 2048] Black is under strong pressure. White is more active.} (27. Qxd5 Bxe3 28. fxe3 g4 29. hxg4 Rxg4 $11) 27... Qe5 28. Bxf4 ({Worse is} 28. Qxf7 Bxe3 29. fxe3 Qxe3+ 30. Kh1 g4 $17) (28. Rxd5 $6 Qxf5 29. Rxf5 Bxe3 30. fxe3 Rg7 $14) 28... Qxf4 29. Qxf4+ ({Don't take} 29. Qxd5 $6 Rc8 30. g3 Qf6 $14) 29... gxf4 30. Rxd5 $18 {[%mdl 4096] Endgame KRR-KRR} Rh6 {[#]} 31. f3 $1 Rhg6 32. Rc2 Rg5 {[#]} 33. Rcd2 Kc8 (33... h4 $142 34. Rd7 Rf5) 34. h4 {[%cal Bh3h4,Bh4h5,Bh5h6][%mdl 32]} Rxd5 35. Rxd5 {KR-KR} Rd8 36. Rxh5 Rd2 $2 (36... Rd1+ 37. Kh2 Kd7) 37. Rf5 {[%csl LRf4,LRf7] White is clearly winning.} Rxb2 38. h5 Rb6 39. Rxf4 Rh6 40. g4 {[%cal Bg2g4,Bg4g5][%mdl 32]} Rh7 41. Rf6 {Black must now prevent h6.} Kc7 42. h6 a5 43. g5 b5 44. Kf2 b4 45. axb4 axb4 46. Rf4 Kd6 47. Rxb4 {Threatening mate with f4.} Ke5 48. Kg3 {Threatens to win with Kg4.} Kf5 {Weighted Error Value: White=0.09 (flawless) /Black=0.34} 1-0

[Event "20th Prague Open 2022"]
[Site "Prague"]
[Date "2022.01.11"]
[Round "6.12"]
[White "Jordanov, Mihail"]
[Black "Plischki, Sebastian"]
[Result "0-1"]
[WhiteElo "2193"]
[BlackElo "2375"]
[Annotator "TA"]
[PlyCount "56"]
[EventDate "2022.01.07"]
[EventType "swiss"]
[EventCountry "CZE"]
[SourceTitle "playchess.com"]
[Source "ChessBase"]
[SourceQuality "1"]

{[%evp 14,55,16,10,32,30,25,0,0,0,60,0,0,-45,-50,-50,-29,-20,0,-18,-23,-21,43,-168,-157,-162,-143,-437,-434,-400,-354,-933,-887,-989,-649,-29992,-29993,-29996,-29994,-29997,-29998,-29998,-29999,-29999]} 1. e4 c5 2. Nf3 e6 3. d4 cxd4 4. Nxd4 a6 5. Bd3 Bc5 6. Nb3 Ba7 7. Qg4 Nf6 8. Qg3 {e5 is the strong threat.} d6 {B42: Sicilian: Kan Variation: 5 Bd3.} 9. Nc3 (9. Qxg7 Rg8 10. Qh6 Bxf2+ $1 11. Kd1 Rxg2 $17) 9... Nc6 10. Bg5 (10. Qxg7 Rg8 11. Qh6 {[#]} Bxf2+ $1 12. Kd1 Rg6 $17) 10... h6 {The position is equal.} 11. Bd2 Ne5 (11... Nh5 $11 12. Qh3 Nf6) 12. O-O-O ({Avoid the trap} 12. Qxg7 $2 Ng6 13. e5 (13. Bxh6 $2 Rh7 $19) 13... Nh5 14. Qxh8+ Nxh8 $19) (12. Be2 $1 $14) 12... b5 $11 {[%cal Bb7b5,Bb5b4][%mdl 32]} 13. f4 (13. Qxg7 Ng6 14. Nd5 (14. Bxh6 $2 Rh7 $19) 14... Nh5) (13. a3 $11) 13... Nxd3+ $15 14. cxd3 {[#] Hoping for e5.} b4 $146 ({Predecessor:} 14... O-O 15. Kb1 Kh8 16. Ne2 Bb6 17. Qf3 a5 18. g4 a4 19. Nbd4 e5 20. Nf5 Bxf5 21. exf5 {½-½ (42) Klauser,M (2389)-Pelletier,Y (2563) Leukerbad 2015}) 15. Ne2 {aiming for e5.} ({Much weaker is} 15. Qxg7 Rg8 16. Qxh6 bxc3 17. Bxc3 Ng4 $17) 15... a5 $1 16. Qxg7 Rg8 $36 {[%mdl 2048] Black has the initiative.} 17. Qxh6 Rxg2 (17... Ba6 $11 18. Be1 Ng4) 18. Qh8+ $2 (18. Nbd4 $1 $14 {stays ahead.}) 18... Kd7 $19 {Really sharp!} 19. Qxd8+ Kxd8 20. Rde1 $2 {[%mdl 8192] This move loses the game for White.} (20. Ned4 $17 Kd7 21. Be3) 20... Ba6 21. Nxa5 Rc8+ 22. Kd1 $2 (22. Nc4 Nxe4 23. Kc2) 22... Bxd3 23. Bxb4 Nxe4 {( -> ...Nf2+)} 24. Bc3 Be3 {[%cal Re4f2] A strong pair of Bishops. Black mates.} 25. Rhf1 Rxh2 26. Nb3 {[#]} Rxc3 $1 {[%mdl 512]} 27. bxc3 {[#]} Nxc3+ $1 {[%mdl 512]} 28. Nxc3 Bc2# {Weighted Error Value: White=0.80/Black=0.30} 0-1

[Event "20th Prague Open 2022"]
[Site "Prague"]
[Date "2022.01.11"]
[Round "6.13"]
[White "Schouten, Mathias Lind"]
[Black "Sorm, Daniel"]
[Result "0-1"]
[WhiteElo "2165"]
[BlackElo "2348"]
[Annotator "TA"]
[PlyCount "62"]
[EventDate "2022.01.07"]
[EventType "swiss"]
[EventCountry "CZE"]
[SourceTitle "playchess.com"]
[Source "ChessBase"]
[SourceQuality "1"]

{[%evp 15,62,-7,4,-7,-2,-7,-9,-11,16,-43,-28,-29,-9,-80,-72,-75,-84,-97,-70,-106,-99,-183,-175,-176,-164,-220,-194,-234,-214,-174,-180,-183,-144,-215,-218,-202,-193,-177,-171,-154,-167,-413,-414,-407,-379,-422,-383,-386,-389]} 1. e4 e5 2. Nf3 Nc6 3. Bb5 {[%cal Bf1b5,Bb5a4,Ba4b3][%mdl 32]} a6 4. Ba4 Nf6 5. O-O b5 6. Bb3 Bb7 7. c3 Nxe4 8. Re1 d5 9. d3 {C78: Ruy Lopez: Archangelsk and Möller Defences.} Nc5 10. Nxe5 Nxe5 11. Rxe5+ {The position is equal.} Ne6 12. Qh5 (12. Nd2 $11) 12... g6 $15 13. Qf3 Bg7 (13... Bd6 $5 {[%cal Rd6e5]} 14. Re2 (14. Bxd5 Bxd5 15. Rxd5 O-O $17) (14. Bg5 Qd7 $15) 14... O-O $11) 14. Bg5 Qd6 $17 15. Bf6 {Bxg7 is the strong threat.} O-O {[%cal Oe6d4,Be8g8,Bg8g7,Bg7f8][%mdl 32] And now ...Nd4! would win.} 16. Bxg7 Kxg7 {[#]} 17. d4 $146 {[%cal Rb3d5]} ({Predecessor:} 17. Re1 c5 18. Nd2 Rad8 19. Rad1 Rd7 20. Qg3 Qxg3 21. hxg3 c4 22. dxc4 dxc4 23. Bc2 {0-1 (62) Bakunin,D (1930)-Amirkhanov,R (2220) Kazan 2006}) 17... c5 ({Reject} 17... f6 $6 18. Re3 $11) 18. Qe3 (18. Bxd5 $17 cxd4 19. Qe4) 18... cxd4 $19 19. cxd4 Rfe8 {aiming for ...f6.} 20. Qe1 (20. Qd2 $142) 20... Kf8 $1 21. Nc3 Nxd4 22. Rxe8+ Rxe8 23. Qd2 Qe5 24. Rd1 (24. f4 $17 {is a better defense.} Ne2+ 25. Nxe2 Qxe2 26. Qd4) 24... Nxb3 25. axb3 {[#]} d4 $1 26. Na2 Qe4 {[%csl Gb7][%cal Re4g2]} 27. f3 Qe3+ $40 {[%mdl 128] Black wants a kill.} 28. Kf1 $2 {[#]} (28. Qxe3 dxe3 29. b4) 28... Bxf3 $1 {[%mdl 512] ( -> ...Be2+)} 29. Qxe3 dxe3 30. Re1 Bb7 31. Nb4 f5 {White got outplayed after the opening.  Weighted Error Value: White=0.42/Black=0.07 (flawless)} 0-1

[Event "20th Prague Open 2022"]
[Site "Prague"]
[Date "2022.01.11"]
[Round "6.14"]
[White "Soucek, Petr"]
[Black "Ondrus, Martin"]
[Result "1/2-1/2"]
[WhiteElo "2117"]
[BlackElo "2267"]
[Annotator "TA"]
[PlyCount "84"]
[EventDate "2022.01.07"]
[EventType "swiss"]
[EventCountry "CZE"]
[SourceTitle "playchess.com"]
[Source "ChessBase"]
[SourceQuality "1"]

{[%evp 9,84,6,6,4,0,9,29,0,0,0,21,1,47,-6,37,9,13,0,0,0,0,0,4,15,23,23,19,25,25,22,21,6,29,11,57,23,35,29,68,58,89,72,184,157,182,180,187,142,205,174,176,183,205,152,156,62,61,62,80,17,18,18,27,0,0,0,0,0,56,54,62,76,161,0,4,0,138]} 1. e4 c5 2. Nf3 d6 3. d4 cxd4 4. Qxd4 Nc6 5. Qe3 Nf6 6. Be2 {B53: Sicilian: 2...d6: Lines with Qxd4.} g6 7. O-O Bg7 8. h3 {White has an edge.} O-O 9. Rd1 Nd7 10. Nc3 Nc5 {[#]} (10... Nb4 $11 {is superior.} 11. Qd2 b6) 11. Qf4 $146 (11. Rb1 $14) ({Predecessor:} 11. Nd5 Be6 12. c3 Rc8 13. Qf4 Ne5 14. Nd4 Bd7 15. Be3 e6 16. Nb4 a5 17. Nbc2 {1-0 (68) Real de Azua,E (2440)-Raja,R (2408) Chess.com INT 2021}) 11... e5 (11... Bxc3 $11 {is more appropriate.} 12. bxc3 Qa5) 12. Qd2 (12. Qg5 $5 {[%cal Rg5d8]}) 12... Nd4 13. Nxd4 exd4 14. Nb5 Nxe4 15. Qf4 Re8 16. Nxd4 ({Much weaker is} 16. Bc4 d5 17. Bb3 Be5 $17) 16... Be5 17. Qf3 d5 18. c3 Qb6 19. a4 {[%cal Ba2a4,Ba4a5][%mdl 32]} Bd7 20. a5 Qd6 21. Bd3 f5 (21... Bxd4 $11 22. cxd4 Qb4) 22. Ne2 Bc6 {[%cal Oe4d2]} 23. Bf4 {To avoid Nd2} g5 24. Bxe5 Qxe5 25. Nd4 {And now a6 would win.} Rf8 (25... Bd7 $16 {was called for.}) 26. Qe2 Qf6 27. f3 $1 Nd6 28. Qe6+ (28. a6 $18) 28... Kg7 (28... Qxe6 $16 29. Nxe6 Rf6) 29. Qxf6+ Kxf6 30. a6 Rfe8 31. axb7 Bxb7 {[%cal Bc6b7,Bb7c8,Bc8d7][%mdl 32]} 32. Re1 ({White should play} 32. Kf2 $16) 32... Rxe1+ $1 $14 33. Rxe1 {Re6+ is the strong threat.} Bc8 {[#] Inhibits Re6+.} 34. Ra1 {White is much more active.} ({White should try} 34. Ba6 $1 $16) 34... a5 $1 $11 35. Kf2 Bd7 36. Ke2 h5 37. Kd2 f4 38. b3 Nc8 (38... a4 $11) 39. Bb5 $1 $14 Bxb5 40. Nxb5 Nb6 {[#]} (40... Ne7 $16) 41. Nc7 $2 (41. Kd3 $1 $18) 41... Rc8 42. Nb5 (42. Na6 $11) 42... Ra8 {White really could win this.  Weighted Error Value: White=0.22 (precise) /Black=0.19 (very precise)} 1/2-1/2

[Event "20th Prague Open 2022"]
[Site "Prague"]
[Date "2022.01.11"]
[Round "6.15"]
[White "Unneland, Mathias"]
[Black "Bouska, Jiri"]
[Result "1-0"]
[WhiteElo "2262"]
[BlackElo "2071"]
[Annotator "TA"]
[PlyCount "95"]
[EventDate "2022.01.07"]
[EventType "swiss"]
[EventCountry "CZE"]
[SourceTitle "playchess.com"]
[Source "ChessBase"]
[SourceQuality "1"]

{[%evp 20,95,49,39,63,59,43,52,61,28,45,27,70,62,59,55,64,61,56,56,91,74,130,152,231,134,131,136,131,122,122,108,104,108,121,109,131,96,135,50,77,27,32,24,26,6,8,6,36,6,8,0,0,0,50,47,83,73,270,89,164,0,264,264,329,309,437,437,624,618,581,571,857,860,752,695,29983,29984]} 1. e4 c5 2. Nf3 Nc6 3. d4 cxd4 4. Nxd4 g6 5. c4 Nf6 6. Nc3 d6 7. Be2 Nxd4 8. Qxd4 Bg7 9. Be3 O-O 10. Qd3 Be6 {10...a5 is more fashionable.} 11. O-O Ng4 {B36: Sicilian: Maroczy Bind: Gurgenidze System.} 12. Bd4 Bxd4 13. Qxd4 Nf6 {White is slightly better.} 14. Kh1 {[#]} Qa5 $146 ({Predecessor:} 14... Qb6 15. Qd2 Qc6 16. b3 Rab8 17. Bd3 Kg7 18. f4 a6 19. a4 Qc5 20. Bc2 Bd7 21. a5 Bc6 22. h3 e6 {½-½ (41) Rodionova,P (2003)-Isambaev,A Samara 2015}) 15. f4 {[%cal Of4f5]} Qc5 (15... Rac8 $11) 16. Qxc5 $14 dxc5 17. f5 gxf5 18. exf5 Bd7 19. Bf3 h5 20. Rae1 (20. Bxb7 $6 Rab8 21. Bf3 Rxb2 $11) 20... Bxf5 (20... Rad8 $142) 21. Bxb7 $16 Rab8 (21... Bd3 $16 {is a better defense.}) 22. Rxf5 (22. Rxe7 $18 Rfe8 23. Rxe8+ (23. Rxf5 $2 Rxe7 24. h3 Rexb7 $19) 23... Rxe8 24. g4 Be4+ 25. Nxe4 Nxe4 26. Bd5 (26. gxh5 Nd6 $18)) 22... Rxb7 {[#]} 23. b3 ({Resist} 23. Rxc5 $6 Rxb2 24. Rxe7 Rc2 25. Rg5+ Kh8 $14) 23... Rc8 24. h3 {White is more active.} Rd7 25. Ne4 Nxe4 26. Rxe4 {[%mdl 4096] Endgame KRR-KRR} f6 27. Rxh5 Rcc7 28. Rf4 Kg7 29. Rhf5 (29. Rg4+ $16 Kf7 30. Rh7+ Ke6 31. Kh2) 29... Rd2 30. Rf2 (30. a4 $16) 30... Rxf2 $1 $11 31. Rxf2 {KR-KR} Rd7 {To avoid Rd2} 32. Re2 e5 33. Kg1 Kf7 34. Kf2 Ke6 35. Ke1 f5 36. Rd2 {And now Rxd7 would win.} Rg7 (36... f4 $1 $11) 37. Kf2 $14 Rc7 38. Kf3 Rc6 $2 (38... a5 $16) 39. Rd5 $2 (39. g4 $18 {and White stays clearly on top.}) 39... Ra6 (39... a5 $16) 40. Rd2 (40. Rxc5 $142 Rxa2 41. Rc6+ Kf7 42. g4) 40... Rc6 $1 $18 41. g4 a5 {[#]} 42. Rd8 {Inhibits Rc8. Black must now prevent Re8+.} fxg4+ (42... Ke7 $142 43. Ra8 Rd6) 43. hxg4 a4 (43... Rc7 $142 44. Ra8 Rf7+ 45. Ke3 Rf4 46. Ra6+ Ke7 47. Rxa5 Rxg4 48. Rxc5 Kd6) 44. Rh8 Kf7 45. Ke4 axb3 46. axb3 Rg6 47. Kf5 {White threatens Rh7+ and mate.} e4 48. Rh7+ {Weighted Error Value: White=0.23 (precise) /Black=0.55} 1-0

[Event "20th Prague Open 2022"]
[Site "Prague"]
[Date "2022.01.11"]
[Round "6.16"]
[White "Dev, Shah"]
[Black "Matras, Ondrej"]
[Result "1-0"]
[WhiteElo "2243"]
[BlackElo "2223"]
[Annotator "TA"]
[PlyCount "57"]
[EventDate "2022.01.07"]
[EventType "swiss"]
[EventCountry "CZE"]
[SourceTitle "playchess.com"]
[Source "ChessBase"]
[SourceQuality "1"]

{[%evp 22,57,77,57,97,112,98,72,83,58,173,168,283,318,268,286,406,405,666,664,1505,1474,1461,1340,1745,2182,2152,1950,2089,4600,2080,1808,29987,5485,29988,29989,29989,29990]} 1. d4 {ChessBase II} Nf6 2. c4 c5 3. d5 d6 4. Nc3 e6 5. e4 exd5 6. cxd5 g6 7. f4 Bg7 8. Bb5+ Nfd7 9. a4 Qh4+ 10. g3 Qe7 {10...Qe7 is better than 10...Qd8.} 11. Nf3 O-O 12. O-O $1 Na6 {A67: Modern Benoni: Taimanov Variation.} 13. e5 Nb4 {[#]} 14. Ne4 $1 dxe5 {White is better.} 15. d6 {White is more active.} Qd8 {[#]} (15... Qe6 $14) 16. fxe5 $1 $18 {[#] Bg5 is the strong threat.} Nxe5 $146 (16... h6 {might work better.} 17. Nf6+ Bxf6 18. exf6 a6) ({Predecessor:} 16... h6 17. Bf4 a6 18. Bxd7 Bxd7 19. Qd2 g5 20. Nfxg5 Bf5 21. Rae1 Qc8 22. Nf3 Bxe4 23. Rxe4 {1-0 (38) Bagirov,V (2480)-Bouhallel,R (2205) Cappelle la Grande 1988 EXT 2002 [ChessBase II]}) 17. Bg5 (17. Nxe5 Bxe5 18. d7 Bd4+ 19. Kg2 Bxd7 20. Bxd7 Qe7 $11) 17... Nxf3+ 18. Qxf3 f6 (18... Bd4+ $142 19. Kh1 f6) 19. Nxf6+ Bxf6 (19... Kh8 $142 20. Qf4 (20. d7 Bxd7 21. Rad1 Bxf6 $18) 20... h5) 20. Bxf6 Qxd6 21. Bc4+ {[%cal Bb5c4,Bc4e6,Be6f7][%mdl 32]} Be6 22. Rad1 {[%cal Ba1d1,Bd1d5,Bd5d8][%mdl 32]} Nd5 23. Rxd5 Qc6 24. Qb3 {[%cal Od5d8] White threatens Rd8! and mate.} Rf7 25. Rd8+ Rxd8 26. Bxe6 ({Weaker is} 26. Bxd8 Rxf1+ 27. Kxf1 Qh1+ 28. Kf2 Qxh2+ 29. Kf3 Qh1+ 30. Kf2 (30. Kf4 Qc1+ 31. Ke5 Bxc4 $17) 30... Qh2+ 31. Kf3 Qh1+ 32. Kf2 (32. Kf4 Qc1+ 33. Ke5 Bxc4 $17) 32... Qh2+ $11) 26... Rd2 27. Bxf7+ {A strong pair of Bishops.} Kf8 {[#]} 28. Be7+ $1 Kxe7 29. Qe3+ {Weighted Error Value: White=0.02 (flawless) /Black=1.43} 1-0

[Event "20th Prague Open 2022"]
[Site "Prague"]
[Date "2022.01.11"]
[Round "6.17"]
[White "Goossens, Hanne"]
[Black "Cholleti Sahajasri"]
[Result "0-1"]
[WhiteElo "2133"]
[BlackElo "2235"]
[Annotator "TA"]
[PlyCount "78"]
[EventDate "2022.01.07"]
[EventType "swiss"]
[EventCountry "CZE"]
[SourceTitle "playchess.com"]
[Source "ChessBase"]
[SourceQuality "1"]

{[%evp 18,78,0,0,0,8,17,14,63,65,76,72,73,38,30,33,60,64,63,26,39,20,33,-26,-23,-27,-27,-92,-32,-81,-69,-109,-125,-120,-99,-101,-101,-100,-93,-202,-199,-491,-694,-517,-472,-479,-458,-625,-522,-1250,-515,-506,-505,-482,-457,-29981,-29982,-29985,-29986,-29985,-29982,-29976,-29976]} 1. e4 c5 2. Nf3 d6 3. d4 cxd4 4. Nxd4 Nf6 5. Nc3 a6 6. Be2 e5 7. Nb3 Be7 8. Be3 Be6 9. Nd5 Nbd7 10. Qd3 O-O {B92: Sicilian Najdorf: 6 Be2.} 11. a4 Rc8 12. c4 {[%cal Bc2c4,Bc4d5][%mdl 32]} Bxd5 (12... Ng4 $11) 13. cxd5 $14 {[#]} Nc5 $146 ({Predecessor:} 13... Nb6 14. Nd2 Nbd7 15. a5 Nc5 16. Qb1 Ne8 17. b4 Nd7 18. O-O g6 19. Nc4 Bg5 {1-0 (68) Quesada Perez,Y (2598)-Lettieri,G (2435) Chess.com INT 2020}) 14. Nxc5 dxc5 15. O-O c4 16. Qc2 b5 17. axb5 axb5 18. Kh1 h6 19. Ra6 Bc5 20. Bd2 (20. Bxc5 $14 Rxc5 21. f3) 20... Qe7 $11 21. f3 Bd4 22. Be1 (22. Rfa1 $11) 22... Nh5 ({Black should play} 22... Ra8 $17 23. Rxa8 Rxa8) 23. b3 (23. g3 $15 {is more appropriate.}) 23... Nf4 $17 {...Qg5 is the strong threat. White is on the road to losing.} 24. bxc4 Nxe2 {Black is more active.} 25. Qxe2 bxc4 26. Bf2 Qc5 27. Ra2 f5 28. Bg1 (28. Bg3 $17) 28... fxe4 $19 29. fxe4 (29. Qxe4 Rfd8 30. h3 (30. Bxd4 $2 exd4 31. Rd2 Qxd5 $19)) 29... Rxf1 30. Qxf1 c3 31. Rc2 Rf8 32. Qd1 Qc4 {( -> ...Rf1)} 33. Re2 c2 (33... Bxg1 $142 34. Kxg1 Qc5+ 35. Kh1 c2) 34. Rxc2 {[#]} Rf1 $1 {[%mdl 512]} 35. Rxc4 Rxd1 {[%csl Gd4][%cal Rd1g1]} 36. Rxd4 ({Reject} 36. Rc8+ Kf7 37. h4 (37. Rc7+ $2 Kf6 $19) 37... Rxg1+ $19) (36. h4 $19 Rxg1+ 37. Kh2) 36... exd4 {[%cal Be5d4,Bd4d3,Bd3d2][%mdl 32] Black mates.} 37. g3 d3 38. Kg2 {[#]} Rxg1+ $1 {[%mdl 512]} 39. Kxg1 d2 {Weighted Error Value: White=0.73/Black=0.27 (precise)} 0-1